000 00716nam a2200193Ia 4500
003 GCL
008 140319s9999 xx 000 0 ara d
040 _aGCL /
_cGCL
082 0 4 _a332.1221
_bم ت
100 1 _aمحمد محمود المكاوى
245 1 0 _aالتمويل المصرفى الاسلامى :
_bالمبادئ - الاساليب - الضوابط - التطوير /
_cمحمد محمود المكاوى
300 _a199 ص ؛
_c24 سم
650 0 4 _aالاقتصاد
650 0 4 _aالاقتصاد الاسلامى
650 0 4 _aالاسلام والاقتصاد
650 0 4 _aالبنوك الاسلامية
650 0 4 _aالاسلام والاصلاح الاقتصادى
942 _2ddc
_cBK
999 _c6221
_d6221